Top 25 Bandeiras Mais Bonitas (Modo Fácil) - Statistics

Estatísticas Gerais
  • Esse quiz foi jogado 303 vezes
  • A pontuação média é 22 de 25
Estatísticas das Respostas
Imagem Hint Resposta % Correto
Canadá
99%
México
99%
Brasil
97%
Reino Unido
97%
Coreia do Sul
96%
10º Argentina
94%
Grécia
94%
Turquia
94%
11º Jamaica
92%
13º Estados Unidos
91%
16º Espanha
90%
19º Japão
90%
21º Portugal
89%
Sérvia
89%
18º Índia
88%
17º Rússia
87%
Albânia
85%
14º Noruega
85%
23º Uruguai
85%
24º África do Sul
84%
12º País de Gales
79%
15º Butão
76%
20º Bósnia
74%
22º Geórgia
73%
25º Cazaquistão
67%
Nenhum quiz correspondente encontrado
Distribuição das Pontuações
Porcentagem de Pessoas com Cada Pontuação
Percentil de Números Respondidos
Sua Pontuação Histórica
Você não jogou esse quiz